000 00604nam a2200181Ia 4500
008 100920s9999 xx 000 0 und d
082 _b78475
_a891.464 न 01
100 _aकणेकर शिरीष.
245 _aवेचक शिरीष कणेकर.
260 _bदिलीप प्रकाशन, मुंबई 4.
_c2001
300 _a371
_bसाधी
365 _b300
520 _aनिबंध.
630 _aवेचक शिरीष कणेकर.
650 _aनिबंध.
730 _aवेचक शिरीष कणेकर.
942 _cBOOK
999 _c719644
_d719641